Countries of Asia in 1 minute: Sudden death - Statistics

General Stats
  • This quiz has been taken 112 times
  • The average score is 10 of 13
Answers on the Grid
Answers color-coded by a green-red scale on the quiz's grid according to % correct below.
India
Palau
Brunei
Laos
Liechtenstein
Armenia
Algeria
Georgia
Croatia
Guyana
Suriname
Russia
Mongolia
North korea
Zambia
Egypt
UAE
Kyrgystan
China
Moldova
Montenengro
Ghana
Indonesia
East timor
 
Answer Stats
Answer % Correct
India
100%
Laos
85%
Brunei
79%
Mongolia
77%
Armenia
76%
North korea
76%
China
75%
UAE
73%
Kyrgystan
72%
Georgia
71%
Indonesia
71%
East timor
65%
Russia
61%
No matching quizzes found
Score Distribution
Percent of People with Each Score
Percentile by Number Answered
Your Score History
You have not taken this quiz